000 00685nam a22002417a 4500
003 UA-OsUOA
001 33021
007 ta
008 20050301b un ||||| |||| 00| 0 ukr d
100 _aШириня К. К.
090 _a94(4)"192/199"
_bШ64
942 _cBK
040 _aUA-OsUOA
_brus
_cUA-OsUOA
_dUA-OsUOA
245 _aСтратегия и тактика коминтерна в борьбе против фашизма и войны (1934-1939 гг.)
300 _a406 с.
955 _a0
041 _arus
080 _a94(4)"192/199"
260 _aМосква
_bПолитиздат
_c1979
044 _aRU
650 7 _2UDC
999 _c319477
_d319477